[Event "45th Olympiad 2024"]
[Site "Budapest HUN"]
[Date "2024.09.18"]
[Round "7.15"]
[Board "4"]
[White "Gretarsson, Helgi Ass"]
[Black "Postny, Evgeny"]
[Result "1/2-1/2"]
[WhiteElo "2450"]
[BlackElo "2577"]
[PlyCount "164"]
[EventDate "2024.09.11"]
[WhiteTeam "Iceland"]
[BlackTeam "Israel"]
[WhiteTeamCountry "ISL"]
[BlackTeamCountry "ISR"]

1. c4 e6 2. Nc3 d5 3. d4 Be7 4. cxd5 exd5 5. Bf4 c6 6. e3 Bf5 7. g4 Be6 8. Qb3 Qb6 9. f3 Qxb3 10. axb3 Nd7 11. h4 ({RR} 11. Bd3 g5 12. Bg3 h5 13. gxh5 Ngf6 14. Nge2 Nxh5 15. Kd2 Bb4 16. e4 dxe4 17. fxe4 Bxb3 18. h4 Nxg3 19. Nxg3 gxh4 20. Nf5 a5 21. Rxh4 Rxh4 22. Nxh4 O-O-O 23. Ke3 Rh8 24. Nf3 f6 25. Rg1 Rg8 {0-1 Mijovic,A (2121)-Aghasaryan,R (2537) Titled Tue 18th Jun Late 2024 (5)}) 11... Ngf6 12. Bd3 O-O 13. Nge2 h5 $146 ({RR} 13... Rfc8 14. Kf2 Ne8 15. g5 Bd6 16. h5 Nf8 17. Rag1 Rc7 18. g6 fxg6 19. hxg6 h6 20. Be5 Re7 21. f4 Nd7 22. f5 Bxe5 23. fxe6 Rxe6 24. dxe5 Nxe5 25. Nf4 Nxd3+ 26. Nxd3 Nd6 27. Nf4 Re7 28. Rh3 {1-0 Ringoir,T (2486)-Narayanan,S (2320) Charlotte op 2021 (4)}) 14. g5 Ne8 15. Bh2 g6 16. Nf4 Ng7 17. Kd2 Rfe8 18. Nxe6 Nxe6 19. f4 Ndf8 20. f5 gxf5 21. Bxf5 Ng6 22. Bg3 a6 23. Ne2 Bf8 24. Raf1 Bg7 25. Bf2 c5 26. Ng3 cxd4 27. Nxh5 dxe3+ 28. Bxe3 d4 29. Bg1 Rad8 30. Rh3 Rd5 31. Be4 Re5 32. Bd3 b5 33. Nxg7 Kxg7 34. Rhf3 Nxh4 35. Rxf7+ Kg8 36. Bh7+ Kh8 37. g6 Rg5 38. R7f6 Kg7 39. Rf7+ Kh6 40. Bf2 Nxg6 41. Rh1+ Rh5 42. Rxh5+ Kxh5 43. Rf5+ Kh6 44. Bxg6 Kxg6 45. Re5 Kf7 46. Rf5+ Ke7 47. Rd5 Rh8 48. Bxd4 Rh2+ 49. Kc1 Nf4 50. Bc5+ Ke6 51. Rd6+ Ke5 52. b4 Rg2 53. Kb1 Rg6 54. Rd2 Ke4 55. Rd4+ Kf5 56. Rd2 Re6 57. Ka2 Ke4 58. Kb3 Rg6 59. Rd4+ Ke5 60. Rd2 Ke4 61. Rd4+ Kf5 62. Rd2 Rg3+ 63. Ka2 Nd3 64. Kb1 Ne5 65. Rd6 Rg6 66. Rd2 Nc4 67. Re2 Re6 68. Rf2+ Ke4 69. Kc2 Rg6 70. Rh2 Ne5 71. Rh4+ Rg4 72. Rh2 Rg6 73. Rh4+ Kd5 74. Rd4+ Kc6 75. Re4 Nd7 76. Bd4 Kd5 77. Rh4 Nb8 78. Bc3 Nc6 79. Rh3 Rg2+ 80. Kb3 Rg5 81. Kc2 Rf5 82. Kb3 Rg5 1/2-1/2

[Event "45th Olympiad 2024"]
[Site "Budapest HUN"]
[Date "2024.09.18"]
[Round "7.16"]
[Board "1"]
[White "Gurel, Ediz"]
[Black "Salinas Herrera, Pablo"]
[Result "1-0"]
[WhiteElo "2602"]
[BlackElo "2479"]
[PlyCount "115"]
[EventDate "2024.09.11"]
[WhiteTeam "Turkiye"]
[BlackTeam "Chile"]
[BlackTeamCountry "CHI"]

1. e4 e5 2. Nf3 Nc6 3. Bb5 a6 4. Ba4 Nf6 5. O-O Be7 6. Re1 b5 7. Bb3 d6 8. c3 O-O 9. h3 Bd7 10. d4 a5 11. Nbd2 a4 12. Bc2 Re8 13. Nf1 h6 14. Ng3 Bf8 15. Be3 ({RR} 15. Bd2 Qc8 16. Bd3 Qb7 17. Qc2 g6 18. b4 Bg7 19. a3 Rac8 20. Rac1 Kh7 21. Be3 Ng8 22. Qe2 Rb8 23. h4 Kh8 24. dxe5 Bg4 25. exd6 cxd6 26. Qd1 Qe7 27. h5 gxh5 28. Nf5 Qf6 29. Nxg7 Qxg7 {0-1 Polgar,J (2682)-Nakamura,H (2733) Cap d'Agde CCAS Gp-A rapid 2010 (4)}) 15... a3 16. b3 exd4 17. cxd4 $146 ({RR} 17. Nxd4 d5 18. Nxb5 dxe4 19. Qb1 Nb4 20. cxb4 Bxb5 21. Bc5 e3 22. fxe3 Bxc5 23. bxc5 Re5 24. Qc1 Bc6 25. Re2 Nd5 26. Qd2 Qg5 27. Nf1 Rae8 28. Rae1 Qh4 29. Rf2 Qb4 30. Rc1 Qxd2 31. Rxd2 Nxe3 {0-1 Yagupov,I (2430)-Zaitsev,I (2430) Orel 1994 (5)}) ({RR} 17. Nxd4 d5 18. Nxb5 dxe4 19. Bf4 Ne5 20. Nd4 c5 21. Ndf5 Ra6 22. Qe2 Rae6 23. Rad1 Nd3 24. Bxd3 exd3 25. Qd2 Nd5 26. Kf1 Rxe1+ 27. Rxe1 Rxe1+ 28. Kxe1 Bxf5 29. Nxf5 Qf6 30. g4 Qxc3 31. Be3 Qa1+ {0-1 Omariev,M (2304)-Damjanovic,V (2361) Titled Tue 9th Jul Early 2024 (3)}) ({RR} 17. Nxd4 Nxd4 18. cxd4 c5 19. Rc1 Bc6 20. d5 Bb7 21. Bd3 Ba6 22. Bd2 Nd7 23. b4 g6 24. Rb1 c4 25. Bc2 Bg7 26. Ne2 Kh7 27. Bc3 Bxc3 28. Nxc3 Qb6 29. Qd2 Ne5 30. Qe3 Reb8 31. Qxb6 Rxb6 {1-0 Akash,G (2275)-Swayams,M (2420) IND-ch Challengers 50th 2012 (8.1)}) ({RR} 17. Nxd4 Nxd4 18. cxd4 c5 19. Qd3 g6 20. Rad1 Qc7 21. Qd2 cxd4 22. Bxd4 Rac8 23. Bb1 Re6 24. f4 Rce8 25. f5 Re5 26. fxg6 fxg6 27. Qf4 Nh7 28. Rf1 Be6 29. Rc1 Qd7 30. Rf2 Rg5 31. Rfc2 Re7 {0-1 Paz Mendez,G (1906)-Fernandez Garcia,J (2412) Canarias-chT 2019 (6.1)}) 17... Nb4 18. Bb1 c5 19. Bd2 Rc8 20. Bc3 Nh7 21. Bd3 Nxd3 22. Qxd3 b4 23. Bd2 Qa5 24. Rac1 Bb5 25. Qe3 c4 26. bxc4 Bxc4 27. Rc2 d5 28. Rec1 Ba6 29. Ne5 Rxc2 30. Rxc2 f6 31. Ng6 Bc4 32. Nf5 Qa4 33. Rc1 Qd7 34. Nxf8 Nxf8 35. Qg3 Rxe4 36. Bxh6 Ne6 37. Be3 Nf4 38. Nh6+ Kh7 39. Bxf4 gxh6 40. Bd2 Qg7 41. Qd6 Qe7 42. Qb8 Re2 43. Bxb4 Rb2 44. Bxe7 Rxb8 45. Bxf6 Rb2 46. Be7 Rxa2 47. Bb4 Kg6 48. f3 Kf5 49. Re1 Kg6 50. Kh2 Re2 51. Rxe2 Bxe2 52. Bxa3 Bd3 53. g4 Bb5 54. Kg3 Bf1 55. f4 Kg7 56. f5 Bd3 57. Kf4 Kf7 58. h4 1-0

[Event "45th Olympiad 2024"]
[Site "Budapest HUN"]
[Date "2024.09.18"]
[Round "7.16"]
[Board "2"]
[White "Vasquez Schroeder, Rodrigo"]
[Black "Erdogmus, Yagiz Kaan"]
[Result "0-1"]
[WhiteElo "2457"]
[BlackElo "2592"]
[PlyCount "86"]
[EventDate "2024.09.11"]
[WhiteTeam "Chile"]
[BlackTeam "Turkiye"]
[WhiteTeamCountry "CHI"]

1. e4 e5 2. Nf3 Nc6 3. Bb5 a6 4. Ba4 Nf6 5. O-O Be7 6. Re1 b5 7. Bb3 O-O 8. a4 Bb7 9. d3 d6 10. Bd2 Qd7 11. Nc3 Na5 12. Ba2 c5 13. Bg5 b4 14. Bxf6 Bxf6 15. Nd5 Bd8 16. Ne3 $146 ({RR} 16. c3 Nc6 17. d4 bxc3 18. bxc3 cxd4 19. cxd4 Ba5 20. Re3 Kh8 21. dxe5 Nxe5 22. Nxe5 dxe5 23. Qh5 Qd6 24. Rh3 Qg6 25. Qxe5 Rae8 26. Ne7 Qxe4 27. Qxe4 Bxe4 28. Nd5 Rd8 29. Rd1 Rd6 30. Re3 f5 {0-1 Lagno,K (2560)-Sindarov,J (2661) Satty Zhuldyz Rapid 2023 (4.1)}) 16... b3 17. Bxb3 Nxb3 18. cxb3 Ba5 19. Rf1 Rab8 20. Nd2 g6 21. Ndc4 Bc7 22. Nd5 Bxd5 23. exd5 f5 24. f4 exf4 25. Rxf4 Qf7 26. Qf3 g5 27. Qg3 Qg6 28. Rf2 f4 29. Qf3 Rbe8 30. Raf1 Bd8 31. g4 Re7 32. Re2 Rxe2 33. Qxe2 Re8 34. Qf3 Bf6 35. Kg2 Bd4 36. h4 h6 37. hxg5 hxg5 38. Rh1 Re7 39. Kf1 Qe8 40. Qd1 f3 41. Qd2 f2 42. Kg2 f1=Q+ 43. Kxf1 Qf7+ 0-1

[Event "45th Olympiad 2024"]
[Site "Budapest HUN"]
[Date "2024.09.18"]
[Round "7.16"]
[Board "3"]
[White "Sanal, Vahap"]
[Black "Lopez Silva, Hugo"]
[Result "1-0"]
[WhiteElo "2581"]
[BlackElo "2379"]
[PlyCount "61"]
[EventDate "2024.09.11"]
[WhiteTeam "Turkiye"]
[BlackTeam "Chile"]
[BlackTeamCountry "CHI"]

1. d4 Nf6 2. Nf3 g6 3. Bf4 Bg7 4. e3 O-O 5. Be2 d6 6. h3 b6 7. O-O Bb7 8. c4 Nbd7 9. Nc3 Ne4 10. Qc2 Nxc3 11. bxc3 e5 12. Bh2 Qe7 13. a4 a5 14. Rae1 Kh8 $146 ({RR} 14... Ba6 15. Nd2 f5 16. Kh1 Qf7 17. Bf3 e4 18. Be2 Kh8 19. f3 exf3 20. Bxf3 Rae8 21. Bd5 Qe7 22. e4 fxe4 23. Nxe4 Rxf1+ 24. Rxf1 Rf8 25. Rxf8+ Qxf8 26. Ng5 Qf1+ 27. Bg1 Bxc4 28. Bxc4 Qxc4 29. Qe4 {0-1 Krupicka,J (1879)-Pokorny,J (1814) Prague Holiday K21 2012 (9)}) 15. Nd2 f5 16. Bf3 e4 17. Be2 Rae8 18. Kh1 Bh6 19. Bd1 f4 20. exf4 Bxf4 21. Bxf4 Rxf4 22. Kg1 Rff8 23. Bf3 Nf6 24. d5 c6 25. Nxe4 cxd5 26. Nxf6 Qxf6 27. Qb2 Ba6 28. Bxd5 Rc8 29. Re6 Qf5 30. Qxb6 Bxc4 31. Qd4+ 1-0

[Event "45th Olympiad 2024"]
[Site "Budapest HUN"]
[Date "2024.09.18"]
[Round "7.16"]
[Board "4"]
[White "Marrujo Pardo, Mauricio Emmanuel"]
[Black "Can, Emre"]
[Result "0-1"]
[WhiteElo "2332"]
[BlackElo "2547"]
[PlyCount "100"]
[EventDate "2024.09.11"]
[WhiteTeam "Chile"]
[BlackTeam "Turkiye"]
[WhiteTeamCountry "CHI"]

1. e4 c5 2. Nf3 d6 3. d4 cxd4 4. Nxd4 Nf6 5. Nc3 a6 6. Be3 e5 7. Nb3 Be6 8. h3 Be7 9. Qf3 O-O 10. g4 b5 11. O-O-O b4 12. Nd5 Nxd5 ({RR} 12... a5 13. Nd2 Nxd5 14. exd5 Bc8 15. Bd3 Ba6 16. Bf5 a4 17. h4 b3 18. axb3 axb3 19. Nxb3 Nd7 20. g5 Nb6 21. Na5 Be2 22. Qxe2 Rxa5 23. b4 Ra3 24. Rh3 Na4 25. Kd2 Nc3 26. Qc4 Nxd1 27. Kxd1 {0-1 Anand,V (2753)-Ding,L (2791) Legends of Chess Prelim rapid 2020 (8.3)}) 13. exd5 Bd7 ({RR} 13... Bc8 14. Kb1 a5 15. Nc5 dxc5 16. d6 Ra7 17. dxe7 Qxe7 18. Bc4 Rc7 19. Rhe1 Nd7 20. h4 Qxh4 21. Rh1 Qf6 22. Qh3 Qg6 23. Qh2 Bb7 24. Rd6 Nf6 25. Bd3 Be4 26. Bxe4 Qxe4 27. g5 Ng4 28. Qh4 {0-1 Jain,K (2308)-Lyutsinger,I (2088) 57th Biel Master Open 2024 (4.36)}) 14. Bd3 Bb5 15. h4 $146 ({RR} 15. Bxb5 axb5 16. Kb1 Qc8 17. Nc1 Qc4 18. b3 Qc7 19. Qe4 Na6 20. h4 Rfc8 21. g5 Qa5 22. h5 Nc5 23. Qf5 Na4 24. bxa4 bxa4 25. Bd2 Qxd5 26. Bxb4 Qb7 27. a3 Rc4 28. Na2 Rf4 29. Qd3 Rd4 {1-0 Wu,C (2239)-Bora,S (2087) Wch U14 Maribor 2012 (5.17)}) ({RR} 15. Kb1 Bxd3 16. cxd3 Nd7 17. Nd2 Bg5 18. Nc4 Bxe3 19. fxe3 Nb6 20. Na5 Na4 21. Nc6 Qb6 22. Ka1 Qb5 23. e4 Nc5 24. h4 f6 25. g5 Qb7 26. Qg4 a5 27. g6 {½-½ Bologan,V (2580)-Sakaev,K (2620) Presidents Cup  1998 (2.3)}) ({RR} 15. Kb1 Nd7 16. h4 Qc7 17. g5 Bxd3 18. cxd3 a5 19. Rc1 Qb7 20. Rc6 Qb5 21. Qe4 f5 22. Qc4 Qxc4 23. dxc4 a4 24. Nc1 Rfc8 25. Bd2 Rxc6 26. dxc6 Nb8 27. Bxb4 Nxc6 28. Ba3 Na5 29. c5 Nc4 {0-1 Bezdenezhnyh,P (2200)-Shevchenko,K (2438) Voronezh op-A 20th 2016 (2)}) 15... Nd7 16. h5 Bxd3 17. Rxd3 h6 18. Qf5 Rc8 19. Kb1 a5 20. Nd2 Qc7 21. Rc1 Nf6 22. c4 Qd7 23. Qxd7 Nxd7 24. Ne4 f5 25. gxf5 Rxf5 26. c5 dxc5 27. d6 Bd8 28. Rd5 Kf7 29. Nxc5 Nxc5 30. d7 Rc6 31. Bxc5 Rxh5 32. f4 Rf5 33. fxe5 Ke6 34. Rcd1 Rxe5 35. Rxe5+ Kxe5 36. Re1+ Kf6 37. Bf8 Kf7 38. Re8 Bg5 39. b3 Rc1+ 40. Kb2 Rd1 41. Ra8 Rxd7 42. Bc5 Bd8 43. a3 bxa3+ 44. Kxa3 h5 45. b4 axb4+ 46. Kxb4 Be7 47. Bxe7 Rxe7 48. Kc3 Kf6 49. Kd2 h4 50. Ra5 g5 0-1

[Event "45th Olympiad 2024"]
[Site "Budapest HUN"]
[Date "2024.09.18"]
[Round "7.17"]
[Board "1"]
[White "Amin, Bassem"]
[Black "Cheparinov, Ivan"]
[Result "1/2-1/2"]
[WhiteElo "2636"]
[BlackElo "2628"]
[PlyCount "44"]
[EventDate "2024.09.11"]
[WhiteTeam "Egypt"]
[BlackTeam "Bulgaria"]
[WhiteTeamCountry "EGY"]
[BlackTeamCountry "BUL"]

1. Nf3 {Fernandez,Daniel Howard} d5 2. g3 g6 3. Bg2 Bg7 4. d4 Nf6 5. O-O O-O 6. c4 dxc4 7. Na3 c5 ({RR} 7... c3) 8. dxc5 c3 ({RR} 8... Qxd1 9. Rxd1 Nfd7 10. Nxc4 Nxc5 11. Be3) 9. Nb5 Na6 ({RR} 9... cxb2 10. Bxb2 Bd7 11. Qb3 Bc6 12. Rfd1 Qa5 ({RR} 12... Nbd7)) 10. Nxc3 Nxc5 11. Be3 Nfe4 12. Nxe4 Nxe4 13. Bd4 Bxd4 14. Qxd4 Qxd4 15. Nxd4 Nd6 16. Rac1 ({RR} 16. Rfc1 Rd8 17. f4 Kf8 18. Kf2 Bg4 19. h3 Bd7 20. Rc7 Rac8 21. Rac1 Ke8 22. g4 Rxc7 23. Rxc7 Rc8 24. Rxc8+ Bxc8 25. b3 Bd7 26. e4 Nb5 27. Ke3 Nxd4 28. Kxd4 h6 29. e5 b6 30. g5 hxg5 {½-½ Karjakin,S (2750)-Caruana,F (2818) Saint Louis Rapid 2019 (1)}) ({RR} 16. Rfc1 Rd8 17. Rc7 Kf8 18. Rac1 Ne8 19. R7c4 Nd6 20. Rc5 Bd7) 16... Rd8 ({RR} 16... e5 17. Nb3 Be6 18. Na5 e4 19. Rfd1 Rac8 20. h4 Rxc1 21. Rxc1 Rc8 22. Rd1 Nc4 23. Nxc4 Rxc4 24. b3 Rc2 25. Bxe4 Rxa2 26. Bxb7 Bxb3 27. Rb1 Be6 28. e4 a5 29. Bd5 Bxd5 30. exd5 Rd2 31. Rb5 {½-½ So,W (2751)-Firouzja,A (2751) Saint Louis Blitz 2024 (12.1)}) ({RR} 16... e5 17. Nb3 Be6) 17. f4 a5 $146 ({RR} 17... Bg4 18. h3 Bd7 19. Rc7 Rac8 20. Rfc1 Kf8 21. Kf2 f6 22. Bd5 Bxh3 23. Be6 Rxc7 24. Rxc7 f5 25. Bd5 Ne4+ 26. Bxe4 Rxd4 27. Bxb7 Rd2 28. Bf3 Rxb2 29. Rxa7 Bg4 30. Ra8+ Kg7 31. Bxg4 fxg4 32. a4 {½-½ Artemiev,V (2731)-So,W (2760) Bucharest Superbet rapid 2019 (9)}) ({RR} 17... Kf8 18. Kf2 Bg4 19. h3 Bd7 20. e4 ({RR} 20. Rc7) 20... Rac8 ({RR} 20... Nb5 21. Nxb5 ({RR} 21. Rfd1 Nxd4 22. Rxd4 Be6) 21... Bxb5 22. Rfd1 Rxd1 23. Rxd1 Rc8 24. Rd2 f6) 21. Rxc8 ({RR} 21. e5 Nf5 22. Ne2 Bb5 23. Rxc8 Rxc8 24. Rc1 Rxc1 25. Nxc1 b6 26. Be4) 21... Rxc8 22. Rd1 Ke8 ({RR} 22... Nb5 23. Ne2) 23. e5 Nf5 24. Nb3 ({RR} 24. Nxf5 Rc2+) 24... Bc6 ({RR} 24... Rc2+ 25. Rd2 Rxd2+ 26. Nxd2 b6 27. g4 Nd4 28. a3) 25. Rc1 Kd7 26. Nc5+ Ke8 27. Nd3 ({RR} 27. Na6 Nd4) 27... Kd7 28. g4 Nd4 ({RR} 28... Bxg2 29. Rxc8 ({RR} 29. e6+ fxe6 30. Ne5+ Kd8 31. Nf7+ Kd7 32. Rxc8 Kxc8 33. Kxg2 Nd6 34. Ng5 e5 35. fxe5 h6) 29... Kxc8 30. Kxg2) 29. Rc4 Ne6 30. f5 gxf5 31. gxf5 Ng7 ({RR} 31... Nd8) 32. Bxc6+ {1-0 Kramnik,V (2787)-Wei,Y (2743) Tata Steel-A 80th 2018 (1)} {RR} Rxc6 33. e6+ Ke8 ({RR} 33... fxe6 34. Ne5+) 34. exf7+ Kf8 ({RR} 34... Kxf7 35. Ne5+) 35. Rxc6 bxc6 36. b4 Nxf5 37. Ne5 Nd4 38. a4) ({RR} 17... Bd7 18. Rc7 Rac8 19. Rfc1 Kg7 20. Kf2 b6 21. R1c3 a5 22. Bf3 Kf6 23. Bb7 Rxc7 24. Rxc7 Ne8 25. Rc3 Nd6 26. Bg2 Rc8 27. Rxc8 Bxc8 28. b3 e5 29. Nc2 Nb5 30. Bc6 Nc3 31. a3 Ba6 32. e3 {0-1 Banusz,T (2620)-Li,C (2683) PRO League Stage rapid 2020 (4)}) 18. Rc7 Ne8 19. Rc4 Nd6 20. Rc7 Ne8 21. Rc4 Nd6 22. Rc7 Ne8 1/2-1/2

[Event "45th Olympiad 2024"]
[Site "Budapest HUN"]
[Date "2024.09.18"]
[Round "7.17"]
[Board "2"]
[White "Naiditsch, Arkadij"]
[Black "Fawzy, Adham"]
[Result "1-0"]
[WhiteElo "2643"]
[BlackElo "2507"]
[PlyCount "75"]
[EventDate "2024.09.11"]
[WhiteTeam "Bulgaria"]
[BlackTeam "Egypt"]
[WhiteTeamCountry "BUL"]
[BlackTeamCountry "EGY"]

1. e4 c5 2. Nf3 Nc6 3. Bb5 g6 4. Bxc6 bxc6 5. d4 d5 ({RR} 5... Bg7 6. O-O cxd4 7. Nxd4 e5 8. Nf3 d6 9. b3 Ne7 10. Ba3 c5 11. Qd2 Bb7 12. Nc3 Qb6 13. Rad1 Rd8 14. Qe3 O-O 15. Nd2 Ba6 16. Rfe1 Qa5 17. Bb2 Nc6 18. Nd5 Nd4 19. Rc1 Kh8 20. c3 {0-1 Caruana,F (2709)-Radjabov,T (2744) Wch Blitz 5th 2010 (10)}) 6. exd5 $146 ({RR} 6. dxc5 Qa5+ 7. Bd2 Qxc5 8. Bc3 f6 9. exd5 cxd5 10. O-O Bg7 11. Re1 e5 12. a3 Ne7 13. Bb4 Qc6 14. Nc3 Be6 15. Nd4 exd4 16. Ne2 Nf5 17. Nf4 O-O-O 18. Nxe6 Rde8 19. Nxg7 Rxe1+ 20. Bxe1 Nxg7 {1-0 Gadimbayli,A (2470)-Straka,V (2417) EU-Cup Online Gr-D rapid 2021 (1.1)}) 6... Qxd5 7. Nc3 Qc4 8. Qe2 Qxe2+ 9. Nxe2 f6 10. Be3 cxd4 11. Nfxd4 e5 12. Nxc6 a5 13. Bd2 a4 14. Na5 Bf5 15. c4 Bd6 16. b4 Bc7 17. Nc3 Ne7 18. Nb7 O-O 19. Nb5 Bb8 20. O-O Nc6 21. Rfc1 a3 22. f3 Bd3 23. Nc5 Rd8 24. Nxd3 Rxd3 25. Be1 f5 26. Rd1 Rxd1 27. Rxd1 Kf7 28. Rd3 Ke6 29. Rxa3 Rxa3 30. Nxa3 Nd4 31. Nb5 Nc2 32. Kf2 e4 33. fxe4 Bxh2 34. exf5+ Kxf5 35. a4 Ke4 36. a5 Kd3 37. a6 Bb8 38. c5 1-0

[Event "45th Olympiad 2024"]
[Site "Budapest HUN"]
[Date "2024.09.18"]
[Round "7.17"]
[Board "3"]
[White "Wageih, Kareim"]
[Black "Petrov, Martin"]
[Result "0-1"]
[WhiteElo "2402"]
[BlackElo "2536"]
[PlyCount "50"]
[EventDate "2024.09.11"]
[WhiteTeam "Egypt"]
[BlackTeam "Bulgaria"]
[WhiteTeamCountry "EGY"]
[BlackTeamCountry "BUL"]

1. Nf3 {ChessBase II} Nf6 2. b3 d5 3. Bb2 e6 4. e3 Bd6 5. c4 O-O 6. d4 b6 7. Bd3 Bb7 8. Nbd2 Nbd7 9. O-O Ne4 10. Qe2 ({RR} 10. cxd5 exd5 11. Ne5 Qe7 12. f4 Nxd2 13. Qxd2 Nf6 14. Qe2 Ne4 15. Bxe4 dxe4 16. f5 Qg5 17. Rf4 f6 18. Rg4 Qh6 19. Rg3 fxe5 20. dxe5 Bc5 21. f6 Bd5 22. b4 Bxb4 23. Rxg7+ Kh8 24. e6 Bd6 {1-0 Malakhov,V (2691)-Predojevic,B (2614) CRO-chT1A 26th 2017 (4.12)}) 10... a5 ({RR} 10... a6 11. Rfd1 f5 12. cxd5 exd5 13. Ne5 Ndf6 14. Nf1 g6 15. f3 Ng5 16. Rac1 Qe7 17. Nc6 Qg7 18. Re1 Qh6 19. a3 Rfe8 20. Qc2 Re6 21. Ne5 Nf7 22. b4 Rc8 23. Qe2 Ra8 24. Qc2 Ne8 25. e4 {0-1 Zupancic,J (2211)-Karacsonyi,G (2398) 28th HIT Open 2024 (5.10)}) 11. a4 f5 $146 ({RR} 11... Qe7 12. Rac1 f5 13. Ne5 Bxe5 14. dxe5 Nxd2 15. Qxd2 Rfd8 16. Qc2 Qh4 17. f3 Qg5 18. Bd4 c5 19. f4 Qg6 20. Bc3 d4 21. Be1 dxe3 22. Bg3 h5 23. Rce1 Nb8 ({RR} 23... h4 24. Bxh4 Nxe5 25. Bxd8 Rxd8 26. Rxe3 Nxd3 27. Rd1 Be4 28. Rdxd3) 24. Rxe3 Nc6 25. Qf2 Nb4 26. Be2 {0-1 Dobosz,H (2395)-Howell,J (2380) Wuerzburg op 4th 1988 (4)}) ({RR} 11... Qe7 12. Rac1 c5 13. Rfd1 Rfd8 14. cxd5 exd5 15. Bb5 f5 16. g3 Ndf6 17. Nh4 Qe6 18. Nxe4 fxe4 19. dxc5 bxc5 20. Ng2 Rf8 21. Nf4 Bxf4 22. exf4 Rfc8 23. Ba3 Qb6 24. Qc2 e3 25. Bxc5 exf2+ 26. Qxf2 {1-0 Carrasco Martinez,J (2352)-Gharamian,T (2624) Lisbon Portugal op 2017 (9)}) 12. Rac1 Rf6 13. Rfd1 Nxd2 14. Rxd2 Rh6 15. g3 Qe8 16. Rdc2 dxc4 17. bxc4 Qh5 18. Nh4 Qxe2 19. Rxe2 g5 20. Ng2 Bf3 21. Ree1 Bb4 22. Rf1 Nf6 23. h4 Ng4 24. Bc3 gxh4 25. Bxb4 h3 0-1

[Event "45th Olympiad 2024"]
[Site "Budapest HUN"]
[Date "2024.09.18"]
[Round "7.17"]
[Board "4"]
[White "Petkov, Momchil"]
[Black "Wafa, Hamed"]
[Result "1-0"]
[WhiteElo "2540"]
[BlackElo "2368"]
[PlyCount "79"]
[EventDate "2024.09.11"]
[WhiteTeam "Bulgaria"]
[BlackTeam "Egypt"]
[WhiteTeamCountry "BUL"]
[BlackTeamCountry "EGY"]

1. d4 Nf6 2. c4 e6 3. g3 c5 4. d5 exd5 5. cxd5 d6 6. Nf3 g6 7. a4 Bg7 8. Bg2 O-O 9. Nfd2 Re8 10. O-O Nbd7 11. Na3 b6 12. h3 $146 ({RR} 12. Ndc4 Ne5 13. Nxe5 Rxe5 14. Nc4 Re8 15. Ra2 Ba6 16. b3 Ne4 17. Qd3 Qe7 18. Rc2 f5 19. Bf4 b5 20. axb5 Bxb5 21. Bxe4 fxe4 22. Qd2 Bxc4 23. Rxc4 Be5 24. Be3 Rab8 25. b4 cxb4 26. Rxb4 Bf6 {1-0 Asis Gargatagli,H (2472)-Villa Tornero,A (2321) Barcelona June IM 2024 (2.3)}) 12... Bb7 13. e4 a6 14. Rb1 b5 15. axb5 axb5 16. Nxb5 Ne5 17. f4 Ba6 18. fxe5 Bxb5 19. exf6 Bxf1 20. Qxf1 Bxf6 21. Nc4 Qe7 22. Bf4 Bd4+ 23. Kh2 Rad8 24. h4 f6 25. Na5 Ra8 26. Nc6 Qc7 27. Nxd4 cxd4 28. Rc1 Qb6 29. Bh6 Ra7 30. Rc2 Rf7 31. Rf2 f5 32. exf5 d3 33. Rf3 Qxb2 34. fxg6 Rxf3 35. Qxf3 hxg6 36. Qxd3 Kh7 37. Qd2 Qb5 38. Be3 Qc4 39. Qf2 Kg7 40. Bd4+ 1-0

[Event "45th Olympiad 2024"]
[Site "Budapest HUN"]
[Date "2024.09.18"]
[Round "7.18"]
[Board "1"]
[White "Fedoseev, Vladimir3"]
[Black "Rodrigue-Lemieux, Shawn"]
[Result "1-0"]
[WhiteElo "2692"]
[BlackElo "2509"]
[PlyCount "99"]
[EventDate "2024.09.11"]
[WhiteTeam "Slovenia"]
[BlackTeam "Canada"]
[WhiteTeamCountry "SLO"]
[BlackTeamCountry "CAN"]

1. d4 {Marin,Mihail} Nf6 2. c4 e6 3. Nf3 d5 4. g3 Be7 5. Bg2 O-O 6. O-O dxc4 7. Qa4 a6 8. Qxc4 b5 9. Qc2 Bb7 10. Bd2 Ra7 11. Rc1 Be4 12. Qb3 Nc6 ({RR} 12... Nbd7 13. Ba5 Qa8 ({RR} 13... Qb8) 14. Nbd2 ({RR} 14. Nc3 Bc6) 14... Bd5 15. Qe3 Bd6 16. Bh3 ({RR} 16. Rc2 Qb7 17. Rac1 Nb6 18. b3) 16... Ne4 17. Nxe4 Bxe4 18. Ne1 Nb6 19. Bxb6 cxb6 20. Bg2 Bxg2 21. Nxg2) 13. e3 Qa8 14. Qd1 b4 ({RR} 14... Nb8 15. Ba5 Rc8 ({RR} 15... Bd6 16. a3 Nbd7 17. Nbd2 Bd5 18. Qf1 ({RR} 18. b4) 18... c5 19. dxc5 Bxc5 20. Rc2 Qb7 21. Rac1 Bb6 22. Bxb6 Qxb6 23. Nd4 Ne5 24. Bxd5 Nxd5 25. N4f3 Nxf3+ 26. Nxf3 Rd8 27. Qd3 Ne7 28. Qe4 Rad7 29. Kg2 f6 30. h4) ({RR} 15... Nc6 16. Be1 Nb8 17. b4 Nbd7 18. a4 Nd5 19. Nbd2 Bg6 20. Nb3 Be4 ({RR} 20... Bxb4 21. Bxb4 Nxb4 22. Ne5 Qc8 23. Nxg6 hxg6 24. axb5) 21. axb5 ({RR} 21. Ne5 Bxg2 22. Nxd7 Rd8) 21... Bxb4 ({RR} 21... axb5 22. Ne5 Bxg2 23. Rxa7 Qxa7 24. Nxd7 Rd8 25. Ra1 Qb7 26. Ndc5 Bxc5 27. Nxc5 Qc6 28. e4) 22. Bxb4 Nxb4 23. Nbd2) 16. a3 ({RR} 16. Bb6 Rb7 17. Bc5 Bxc5 18. dxc5 ({RR} 18. Rxc5 Nbd7 19. Rc1 c5 20. Nc3 Bc6) 18... Ra7 19. Nbd2 Bd5 20. Qc2 a5 21. a3 a4 22. Qd3) ({RR} 16. Nbd2 Bd5) 16... Bd6 ({RR} 16... c5 17. Nbd2 Bd5 18. Bb6) 17. Nbd2 Bd5 18. Qf1 Nbd7 19. b4 e5 20. dxe5 Bxe5 ({RR} 20... Nxe5 21. Nxe5 Bxe5 22. Ra2) 21. Nxe5 Nxe5 ({RR} 21... Bxg2 22. Qxg2 Qxg2+ ({RR} 22... Nxe5 23. Qxa8 Raxa8 24. Rxc7) 23. Kxg2 Nxe5 24. Bb6 Rb7 25. Bd4) 22. f3 Nc4 23. Nxc4 Bxc4 24. Qf2 Re8 25. e4 c6 26. Rd1 Rd7 27. Rxd7 Nxd7 28. Rd1 Qb7 29. Rd6 {1-0 Kramnik,V (2766)-Anand,V (2779) Corus Wijk aan Zee 2007 (6)}) 15. Be1 a5 ({RR} 15... Bd5 16. Nbd2 Nb8 17. Nh4 Bxg2 18. Nxg2 Nbd7 19. Qf3 c5 20. Qxa8 Raxa8 21. Nb3 Rfc8 22. dxc5 Nxc5 23. Nxc5 Rxc5 24. Rxc5 Bxc5 25. Rc1 Be7 26. f3 Kf8 27. Kf2 Nd7 28. Ke2 a5 29. e4 Ke8 30. Ne3 {½-½ Nepomniachtchi,I (2769)-Ju,W (2549) 86th Tata Steel Masters 2024 (2.2)}) 16. Bf1 $146 ({RR} 16. Nbd2 Bd5 17. Qe2 Nb8 18. Nh4 Bxg2 19. Nxg2 Nbd7 20. f3 c5 21. Nb3 cxd4 22. Nxd4 Bc5 23. Nb3 Bb6 24. Kh1 Rd8 25. e4 a4 26. Nd2 Bd4 27. Rab1 Qb8 28. b3 Qa8 29. Nc4 axb3 30. axb3 Bc5 {½-½ Jacobsen,B (2317)-Blomqvist,E (2449) Rilton Cup 40th 2010 (4)}) ({RR} 16. Nbd2 Bd5 17. Nh4 Nb8 18. Bxd5 Nxd5 19. Nhf3 Nd7 20. Rc2 c5 21. Rac1 Rc8 22. dxc5 Rxc5 23. Nb3 Rxc2 24. Rxc2 Bf8 25. Qc1 Nf4 26. Nbd4 Nd3 27. Qd1 N7c5 28. Nb3 Rd7 29. Nxc5 Nxc5 30. Qe2 Rd8 {½-½ Voit,D (2317)-Kryakvin,D (2524) Anapa Sea Harbor Cup 2022 (9)}) ({RR} 16. Nbd2 Bd5 17. Nc4 Nb8 18. a4 Nbd7 19. Rc2 Ra6 20. Ncd2 c5 21. Bf1 Ra7 22. Rac1 Rc8 23. Bd3 Rac7 24. Qe2 Ne4 25. Nxe4 Bxe4 26. Nd2 Bxd3 27. Qxd3 Qb7 28. Qe4 Qxe4 29. Nxe4 c4 30. f3 Nb6 {0-1 Gitsis,H (2090)-Sigalas,F (2250) Athens op 2008 (6)}) 16... Bd5 17. Bc4 a4 18. Bxd5 exd5 19. a3 Na5 20. Nfd2 bxa3 21. Nxa3 Rb8 22. Nab1 Rxb2 23. Rxa4 h5 24. Nc3 Rbb7 25. Qf3 c6 26. Rca1 h4 27. gxh4 Nd7 28. h5 Nb6 29. R4a2 Bb4 30. Nf1 Nac4 31. Rxa7 Rxa7 32. Rd1 Ra1 33. h6 gxh6 34. Ng3 Nb2 35. Nf5 Nxd1 36. Qg3+ Kf8 37. Nb5 Nxe3 38. Qg7+ Ke8 39. Qg8+ Bf8 40. Nbd6+ Kd8 41. Qxf8+ Kc7 42. Qe7+ Nd7 43. Qxe3 h5 44. Ne8+ Kb6 45. Qb3+ Ka7 46. Qc3 Ra4 47. Nfd6 Nb6 48. Kg2 h4 49. h3 f5 50. Qc5 1-0